| 000 | 00454cam a2200193ua 4500 | ||
|---|---|---|---|
| 020 | _c22.00 | ||
| 041 |
_aeng _h |
||
| 082 |
_a532 _bMAN/FL |
||
| 100 | _aManohar, M . | ||
| 245 |
_aFluid mechanics, Vol 1 / _cM.Manohar. _hTextual Documents |
||
| 250 |
_a1 / _b. |
||
| 260 |
_aMumbai : _bAsia Publishing House , _c1963. |
||
| 300 | _a418 ; . | ||
| 365 | _a22.00 | ||
| 504 | _a | ||
| 942 | _cBK | ||
| 999 |
_c1684 _d1684 |
||